[Event "HUN-ch U16"]
[Site "Budapest"]
[Date "2010.07.03"]
[Round "8"]
[White "Nemeth, Andras"]
[Black "Bubits, Bence"]
[Result "1/2-1/2"]
[WhiteElo "2015"]
[BlackElo "2063"]
[PlyCount "28"]
[EventDate "2010.06.26"]
[EventType "swiss"]
[EventRounds "9"]
[EventCountry "HUN"]
[SourceTitle "CBM 137 Extra"]
[Source "ChessBase"]
[SourceDate "2010.09.01"]
[SourceVersion "1"]
[SourceVersionDate "2010.09.01"]
[SourceQuality "1"]

1. d4 Nf6 2. c4 e5 3. dxe5 Ng4 4. Qd4 d6 5. exd6 Bxd6 6. Nf3 0-0 7. Bg5 Nc6 8. Bxd8 Nxd4 9. Nxd4 Rxd8 10. e3 Be5 11. h3 Nf6 12. Nc3 Bxd4 13. exd4 Rxd4 14. Rd1 Rxd1+ 1/2-1/2

[Event "HUN-ch U16"]
[Site "Budapest"]
[Date "2010.06.29"]
[Round "4"]
[White "Egyed, Gabor"]
[Black "Nemeth, Andras"]
[Result "0-1"]
[WhiteElo "1935"]
[BlackElo "2015"]
[PlyCount "72"]
[EventDate "2010.06.26"]
[EventType "swiss"]
[EventRounds "9"]
[EventCountry "HUN"]
[SourceTitle "CBM 137 Extra"]
[Source "ChessBase"]
[SourceDate "2010.09.01"]
[SourceVersion "1"]
[SourceVersionDate "2010.09.01"]
[SourceQuality "1"]

1. e4 e5 2. Nf3 Nc6 3. d4 exd4 4. Bc4 d6 5. Nxd4 Bd7 6. 0-0 Qf6 7. c3 Nge7 8. f4 0-0-0 9. b4 Nxd4 10. cxd4 d5 11. exd5 Nf5 12. Na3 Bxb4 13. Rb1 Ba5 14. Nc2 Bb6 15. Kh1 Ba4 16. Bb3 Bxb3 17. Rxb3 Rxd5 18. Bb2 h5 19. Qf3 Rd7 20. a4 Qc6 21. Qd3 Nd6 22. Ra3 a5 23. Ne3 Qe4 24. Qc3 Kb8 25. Re1 Qc6 26. Qd3 Re8 27. Rc1 Qe4 28. Qd2 Rde7 29. h3 Qxf4 30. Rf1 Qg5 31. Rf3 h4 32. Qd3 Ne4 33. Bc1 Qg6 34. Nc2 Ng3+ 35. Kh2 Qxd3 36. Rfxd3 Re1 0-1

[Event "HUN-ch U16"]
[Site "Budapest"]
[Date "2010.06.28"]
[Round "3"]
[White "Nemeth, Andras"]
[Black "Diczko, Zsombor"]
[Result "1/2-1/2"]
[WhiteElo "2015"]
[BlackElo "1783"]
[PlyCount "120"]
[EventDate "2010.06.26"]
[EventType "swiss"]
[EventRounds "9"]
[EventCountry "HUN"]
[SourceTitle "CBM 137 Extra"]
[Source "ChessBase"]
[SourceDate "2010.09.01"]
[SourceVersion "1"]
[SourceVersionDate "2010.09.01"]
[SourceQuality "1"]

1. e4 e5 2. Nf3 Nc6 3. Bb5 a6 4. Ba4 Nf6 5. 0-0 Be7 6. c3 b5 7. Bc2 d6 8. Re1 0-0 9. d3 Re8 10. Nbd2 Bf8 11. Nf1 Ne7 12. Bg5 Ng6 13. Ng3 h6 14. Bd2 Be6 15. h3 Qd7 16. d4 Qc8 17. Nh2 c5 18. d5 Bd7 19. Nhf1 c4 20. Ne3 Nf4 21. Qf3 Nh7 22. h4 Qd8 23. Ne2 Qxh4 24. Nxf4 Qxf4 25. Qe2 Qf6 26. g4 Ng5 27. Kg2 g6 28. Rh1 Kg7 29. Rag1 Be7 30. Nf1 Rh8 31. Be3 Rag8 32. f4 exf4 33. Bd4 f3+ 34. Qxf3 Nxf3 35. Bxf6+ Bxf6 36. Kxf3 Re8 37. Ne3 Re5 38. Rg2 Bg5 39. Nd1 Bf6 40. Nf2 h5 41. Kg3 Bxg4 42. Nxg4 hxg4 43. Rxh8 Kxh8 44. Rf2 Kg7 45. Kxg4 Rg5+ 46. Kf3 Rh5 47. Bd1 Be5 48. Ke3 Rh3+ 49. Kd2 Rd3+ 50. Kc2 Re3 51. Bf3 Re1 52. Kd2 Rg1 53. Be2 g5 54. b3 cxb3 55. axb3 Ra1 56. Rg2 Bf4+ 57. Kd3 Rh1 58. Bg4 Rb1 59. b4 Ra1 60. Rc2 Ra3 1/2-1/2

[Event "HUN-ch U16"]
[Site "Budapest"]
[Date "2010.06.26"]
[Round "1"]
[White "Nemeth, Andras"]
[Black "Darai, Tihamer"]
[Result "1-0"]
[WhiteElo "2015"]
[BlackElo "1773"]
[PlyCount "95"]
[EventDate "2010.06.26"]
[EventType "swiss"]
[EventRounds "9"]
[EventCountry "HUN"]
[SourceTitle "CBM 137 Extra"]
[Source "ChessBase"]
[SourceDate "2010.09.01"]
[SourceVersion "1"]
[SourceVersionDate "2010.09.01"]
[SourceQuality "1"]

1. e4 c5 2. Nc3 e6 3. g3 Nc6 4. Bg2 g6 5. d3 Bg7 6. f4 Nge7 7. Nf3 0-0 8. 0-0 d5 9. e5 a6 10. a4 f5 11. d4 cxd4 12. Nxd4 Nxd4 13. Qxd4 Nc6 14. Qf2 Qc7 15. Ne2 Bd7 16. c3 b5 17. axb5 axb5 18. Be3 Rfc8 19. Nd4 Nxd4 20. Bxd4 Bf8 21. b4 Qb7 22. Qb2 Rc6 23. Ra5 Rxa5 24. bxa5 Qa6 25. Ra1 Be7 26. Bf1 Rc8 27. Bb6 Bc5+ 28. Bxc5 Rxc5 29. Qb4 Qa7 30. Qd4 Rc7 31. Qxa7 Rxa7 32. Kf2 Kf7 33. Ke3 Ke7 34. Kd4 Kd8 35. a6 Kc8 36. Kc5 Rc7+ 37. Kb4 Kb8 38. Ra3 Ka7 39. Bxb5 Bxb5 40. Kxb5 Rc4 41. Rb3 h6 42. Ka5 Rc5+ 43. Rb5 Rxc3 44. Rb7+ Ka8 45. Rg7 d4 46. Rxg6 d3 47. Rxe6 Rc5+ 48. Kb6 1-0

[Event "HUN-chT2 Charousek 0910"]
[Site "Hungary"]
[Date "2010.04.18"]
[Round "10"]
[White "Nemeth, Andras"]
[Black "Szijjarto, Laszlo"]
[Result "1-0"]
[WhiteElo "2004"]
[BlackElo "1970"]
[PlyCount "129"]
[EventDate "2009.11.08"]
[EventType "team-tourn"]
[EventRounds "11"]
[EventCountry "HUN"]
[SourceTitle "EXT 2011"]
[Source "ChessBase"]
[SourceDate "2010.11.26"]
[SourceVersion "1"]
[SourceVersionDate "2010.11.26"]
[SourceQuality "1"]
[WhiteTeam "Csuti II"]
[BlackTeam "Paks II"]
[WhiteTeamCountry "HUN"]
[BlackTeamCountry "HUN"]

1. e4 d5 2. exd5 Nf6 3. c4 c6 4. d4 cxd5 5. Nc3 e6 6. Nf3 Nc6 7. Ne5 dxc4 8. Nxc6 bxc6 9. Bg5 Be7 10. Bxc4 Nd5 11. Bxe7 Qxe7 12. Qa4 Bd7 13. 0-0 0-0 14. Rfe1 Qd8 15. Qa3 Qb6 16. Rad1 Rab8 17. Na4 Qb4 18. Qxb4 Rxb4 19. b3 Nb6 20. Nxb6 Rxb6 21. Re5 Bc8 22. Ra5 a6 23. f4 Rd8 24. Kf2 Kf8 25. Ke3 Ke7 26. Rc5 f6 27. a4 Rd6 28. Kd3 h6 29. Kc3 Rb8 30. Re1 g6 31. g4 Kd7 32. Re3 Bb7 33. Rh3 Rh8 34. Bd3 f5 35. gxf5 exf5 36. Bc4 Ke7 37. Re3+ Kf6 38. Rce5 Bc8 39. Re7 g5 40. Rf7+ Kg6 41. Ree7 Kh5 42. fxg5 hxg5 43. Be2+ g4 44. h3 Kg5 45. hxg4 Rh3+ 46. Kc4 Be6+ 47. Rxe6 Rxe6 48. Rxf5+ Kg6 49. Bd3 Kg7 50. Re5 Rxe5 51. dxe5 Re3 52. Kd4 Rg3 53. Bc4 Rxg4+ 54. Kc5 Re4 55. e6 Kf6 56. Kxc6 Re5 57. b4 Re4 58. Kc5 Ke7 59. a5 Re5+ 60. Bd5 Rh5 61. Kc6 Rh4 62. b5 axb5 63. a6 Rb4 64. a7 Ra4 65. Kb7 1-0

[Event "HUN-chT2 Charousek 0910"]
[Site "Hungary"]
[Date "2010.02.28"]
[Round "7"]
[White "Nemeth, Andras"]
[Black "Steiger, Bela"]
[Result "1-0"]
[WhiteElo "2004"]
[BlackElo "2200"]
[PlyCount "103"]
[EventDate "2009.11.08"]
[EventType "team-tourn"]
[EventRounds "11"]
[EventCountry "HUN"]
[SourceTitle "EXT 2011"]
[Source "ChessBase"]
[SourceDate "2010.11.26"]
[SourceVersion "1"]
[SourceVersionDate "2010.11.26"]
[SourceQuality "1"]
[WhiteTeam "Csuti II"]
[BlackTeam "Hobagoly"]
[WhiteTeamCountry "HUN"]
[BlackTeamCountry "HUN"]

1. e4 c5 2. Nc3 Nc6 3. g4 d6 4. Bg2 g6 5. d3 Bg7 6. h3 e6 7. Nge2 Nge7 8. Ng3 Nd4 9. 0-0 0-0 10. Kh1 Rb8 11. Bg5 f6 12. Bd2 b5 13. Qc1 Qc7 14. Nd1 b4 15. c3 Ndc6 16. Bh6 Ne5 17. Bxg7 Kxg7 18. d4 Nd3 19. Qd2 Ba6 20. Rg1 cxd4 21. cxd4 e5 22. Bf1 Qc4 23. d5 Qd4 24. Ne3 Rb6 25. Bxd3 Qxd3 26. Qxd3 Bxd3 27. Rac1 Rb7 28. Rgd1 Bb5 29. Rc2 Rc8 30. Rdc1 Rxc2 31. Rxc2 Kf8 32. h4 Ke8 33. g5 Kf7 34. Ng4 f5 35. exf5 gxf5 36. Nh6+ Kg6 37. h5+ Kxg5 38. Nf7+ Kg4 39. Nxd6 Rb6 40. Nxb5 Rxb5 41. d6 Ng8 42. d7 Rd5 43. Rc8 Rxd7 44. Rxg8+ Kf3 45. Nxf5 Rd2 46. Nh4+ Ke2 47. Rg7 a5 48. Rxh7 Rxb2 49. Rb7 Kxf2 50. h6 Kg3 51. Rg7+ Kh3 52. h7 1-0

[Event "HUN-chT2 Charousek 0910"]
[Site "Hungary"]
[Date "2010.01.31"]
[Round "5"]
[White "Nemeth, Andras"]
[Black "Zamodics, Peter"]
[Result "0-1"]
[WhiteElo "2004"]
[BlackElo "1928"]
[PlyCount "138"]
[EventDate "2009.11.08"]
[EventType "team-tourn"]
[EventRounds "11"]
[EventCountry "HUN"]
[SourceTitle "EXT 2011"]
[Source "ChessBase"]
[SourceDate "2010.11.26"]
[SourceVersion "1"]
[SourceVersionDate "2010.11.26"]
[SourceQuality "1"]
[WhiteTeam "Csuti II"]
[BlackTeam "Alsoszolnok"]
[WhiteTeamCountry "HUN"]
[BlackTeamCountry "HUN"]

1. e4 c5 2. Nc3 e6 3. g3 g6 4. Bg2 Bg7 5. d3 Nc6 6. f4 d6 7. Nf3 Nge7 8. 0-0 a6 9. g4 f5 10. h3 0-0 11. Be3 Bd7 12. Rb1 Qc7 13. Ne2 Rfe8 14. Ng3 b6 15. c3 d5 16. gxf5 exf5 17. e5 Nd8 18. d4 c4 19. h4 Ne6 20. Ng5 b5 21. Bf3 Nxg5 22. fxg5 Be6 23. Ne2 Red8 24. Nf4 Qd7 25. Qe2 Kf7 26. Qg2 Rg8 27. Rf2 a5 28. b3 Rab8 29. Rfb2 Qc6 30. Qe2 Qc7 31. Bf2 Rgc8 32. Bg3 Qd8 33. bxc4 bxc4 34. Rb7 Rxb7 35. Rxb7 Rb8 36. Qb2 Rxb7 37. Qxb7 Bf8 38. h5 Qc8 39. Qxc8 Nxc8 40. hxg6+ hxg6 41. Bxd5 Bxd5 42. Nxd5 Ba3 43. Bf4 Ke6 44. Ne3 Nb6 45. Nd1 Nd5 46. Bd2 f4 47. Kf2 Kf5 48. Kf3 a4 49. Nf2 Bb2 50. Ne4 Ba1 51. Be1 Bb2 52. Bd2 Ba1 53. Nd6+ Kxg5 54. Nxc4 Bxc3 55. Ke4 Bxd2 56. Kxd5 Bb4 57. Ke4 Kg4 58. d5 f3 59. Ne3+ Kg3 60. Nf1+ Kg2 61. Ne3+ Kg3 62. d6 f2 63. d7 Be7 64. e6 g5 65. Nf5+ Kg2 66. Nxe7 f1Q 67. d8Q Qf3+ 68. Ke5 Qf4+ 69. Kd5 Qd2+ 0-1

[Event "HUN-chT2 Charousek 0910"]
[Site "Hungary"]
[Date "2009.12.06"]
[Round "3"]
[White "Varga, Melinda"]
[Black "Nemeth, Andras"]
[Result "0-1"]
[WhiteElo "1871"]
[BlackElo "2004"]
[PlyCount "78"]
[EventDate "2009.11.08"]
[EventType "team-tourn"]
[EventRounds "11"]
[EventCountry "HUN"]
[SourceTitle "EXT 2011"]
[Source "ChessBase"]
[SourceDate "2010.11.26"]
[SourceVersion "1"]
[SourceVersionDate "2010.11.26"]
[SourceQuality "1"]
[WhiteTeam "Haladas II"]
[BlackTeam "Csuti II"]
[WhiteTeamCountry "HUN"]
[BlackTeamCountry "HUN"]

1. e4 e5 2. Nf3 Nc6 3. Bb5 a6 4. Ba4 Nf6 5. Bxc6 dxc6 6. d3 Bd6 7. Nbd2 Be6 8. b3 Qe7 9. Bb2 Nd7 10. Qe2 g5 11. h3 0-0-0 12. 0-0-0 f6 13. Kb1 Nf8 14. d4 Ng6 15. g3 h5 16. c4 c5 17. d5 Bd7 18. h4 Bg4 19. hxg5 fxg5 20. Qe3 Rdg8 21. Rdg1 Nf8 22. Ne1 Bd7 23. Nd3 g4 24. b4 b6 25. bxc5 bxc5 26. Nb3 Rg6 27. Nbxc5 Rf6 28. Nxd7 Nxd7 29. Qa7 Ba3 30. c5 Bxb2 31. Kxb2 Rf3 32. d6 cxd6 33. cxd6 Qxd6 34. Rc1+ Kd8 35. Qa8+ Nb8 36. Rc3 Ke7 37. Qb7+ Nd7 38. Kc2 Rb8 39. Qc7 Rxd3 0-1